01169 a2200193 45000010006000000050017000060080041000230030015000640400040000790800041001192450053001600200018002132640032002313000019002635050569002820410008008511000086008597000030009455766220260407155836.0260407a2003 arg spa dAR-UNSa-BCEJYS aAR-UNSa-BCEJYSbspacAR-UNSa-BCEJYS a334.713xPequeña industria (Pymes)10aAportes para una estrategia Pyme en la Argentina a987-20715-0-0 1aBuenos Aires :bCEPALc2003 a415 p.c20 cm. a1. Lineamientos para una política PyME en la Argentina / Grupo de Políticas PyME – 2. Creación de empresas. Como ampliar, renovar y dinamizar la base empresarial / Hugo Kantis – 3. Innovación y aprendizaje: las redes y sus sistemas locales / Gabriel Yoguel – 4. Internacionalización y desarrollo de mercados / Gabriel Bezchinsky – 5. Buenas prácticas en política PyME. Experiencia internacional y enseñanzas para la Argentina – 6. Instituciones y normas. La clave para la gestión de políticas de desarrollo empresario / Luis Rapoport  aspa1 aNaciones Unidas. Comisión Económica para América Latina y el Caribe (CEPAL)1 aGrupo de Polìticas Pyme